Cheers Customers Quiz Stats

 Plays Quiz not verified by Sporcle

Support Sporcle.
Go Orange.
Score 0/12 Timer 02:00
0 Plays Today
Actor Cheers Customer % Correct
George WendtNorm Peterson
99.3%
John RatzenbergerCliff Clavin
99.3%
Kelsey GrammerDr. Frasier Crane
97.1%
Bebe NeuwirthDr. Lilith Sternin-Crane
92.9%
Paul WilsonPaul Krapence
84.7%
Harry AndersonHarry the Hat Gittes
74.7%
Jay ThomasEddie LeBec
52.8%
Roger ReesRobin Colcord
49.1%
Dan HedayaNick Tortelli
46.5%
Tom SkerrittEvan Drake
41.4%
Jackie SwansonKelly Gaines
40.6%
Frances SternhagenEsther Clavin
32.6%

You're not logged in!

Compare scores with friends on all Sporcle quizzes.
OR
Log In

From the Vault

The Only Letter X

by cwfuturewrestler

Roman numerals can sometimes cause confusion.
Remove Ads.
Support Sporcle.
Get the best of Sporcle when you Go Orange. This ad-free experience offers more features, more stats, and more fun while also helping to support Sporcle. Thank you for becoming a member.

Show Comments

Extras

Created Feb 16, 2011ReportNominate
Tags:Sitcom Quiz, TV Show Quiz

Top Quizzes Today


Score Distribution

Your Account Isn't Verified!

In order to create a playlist on Sporcle, you need to verify the email address you used during registration. Go to your Sporcle Settings to finish the process.

Report this User

Report this user for behavior that violates our Community Guidelines.

Details: